000 01056cam a2200277 a 4500
001 4943185
005 20250208100217.0
008 960306s1996 paua b 001 0 eng c
020 _a9780803655317
050 1 0 _aRC630
_b.S77 1996
082 0 0 _a616.3/99
_220
100 1 _aLee, Carla A. Bouska
245 1 0 _aFluids and electrolytes :
_ba practical approach /
_cCarla A. Bouska Lee, C. Ann Barrett, Donna D. Ignatavicius.
250 _aEd. 4.
260 _aPhiladelphia :
_bF.A. Davis,
_cc1996.
300 _axxi, 360 p. :
_bill. ;
_c26 cm.
500 _aRev. ed. of: Fluids and electrolytes / Violet R. Stroot, Carla A.B. Lee, C. Ann Barrett. Ed. 3. c1984.
650 0 _aBody fluid disorders
_xNursing.
650 0 _aWater-electrolyte imbalances
_xNursing.
650 1 2 _aWater-Electrolyte Imbalance
_xnurses' instruction.
650 2 2 _aWater-Electrolyte Balance
_xnurses' instruction.
700 1 _aBarrett, C. Ann,
_d1942-
700 1 _aIgnatavicius, Donna D.
700 1 _aStroot, Violet R.
_tFluids and electrolytes.
942 _2lcc
_cBK
_eed. 4
_n0
999 _c3640
_d3640